How to retouch & spot negatives & prints.

Bibliographic Details
Main Author: Floyd, Wayne
Format: Book
Language:English
Published: Philadelphia : Chilton Book Co., [1968]
Subjects:

MARC

Tag First Indicator Second Indicator Subfields
LEADER 00000cam a2200000 4500
001 in00000093300
005 20150927070132.0
008 740722s1968 eng u
010 |a  68008557  
035 |a (OCoLC)00958461 
035 |9 AAL5138AM 
040 |c CPL  |d TXA  |d UtOrBLW 
049 |a TXAM  |c [800158] 
050 0 0 |a TR310  |b .F55 1968 
082 0 |a 770/.28 
100 1 |a Floyd, Wayne. 
245 1 0 |a How to retouch & spot negatives & prints. 
264 1 |a Philadelphia :  |b Chilton Book Co.,  |c [1968] 
300 |a 128 pages :  |b illustrations ;  |c 21 cm. 
336 |a text  |b txt  |2 rdacontent 
337 |a unmediated  |b n  |2 rdamedia 
338 |a volume  |b nc  |2 rdacarrier 
650 0 |a Photography  |x Retouching. 
999 |a MARS 
999 f f |s 9e01b014-ac34-384d-8493-e4fb78c6eb69  |i 051a02fe-ee51-3d1a-9e71-e89ea3b27d14  |t 0 
952 f f |p normal  |a Texas A&M University  |b College Station  |c Sterling C. Evans Library  |d Evans: Library Stacks  |t 0  |e TR310 .F55 1968  |h Library of Congress classification  |i unmediated -- volume  |m A14805626337 
998 f f |a TR310 .F55 1968  |t 0  |l Evans: Library Stacks